Развитие экологического туризма в регионах Западной Сибири; Экономика России в XXI веке

Opis bibliograficzny
Parent link:Экономика России в XXI веке.— 2011.— С. 220-222
1. autor: Кирнос Н. В.
Język:rosyjski
Wydane: 2011
Seria:Региональное развитие в условиях модернизации национальной экономики
Hasła przedmiotowe:
Format: MixedMaterials Rozdział
KOHA link:https://koha.lib.tpu.ru/cgi-bin/koha/opac-detail.pl?biblionumber=237581

MARC

LEADER 00000naa2a2200000 4500
001 237581
005 20231031204903.0
035 |a (RuTPU)RU\TPU\book\258755 
035 |a RU\TPU\book\258749 
090 |a 237581 
100 |a 20130516d2011 k y0rusy50 ca 
101 0 |a rus 
102 |a RU 
200 1 |a Развитие экологического туризма в регионах Западной Сибири  |f Н. В. Кирнос 
225 1 |a Региональное развитие в условиях модернизации национальной экономики 
320 |a Библиогр.: с. 222 (3 назв.) 
463 0 |0 (RuTPU)RU\TPU\book\250468  |t Экономика России в XXI веке  |o сборник научных трудов VIII Всероссийской научно-практической конференции "Фундаментальные проблемы модернизации экономики России", г. Томск, 15-18 ноября 2011 г.  |f Национальный исследовательский Томский политехнический университет (ТПУ), Инженерно-экономический факультет ; под ред. Г. А. Барышевой, Л. М. Борисовой  |v С. 220-222  |d 2011  |p 420 с. 
610 1 |a экологический туризм 
610 1 |a развитие 
610 1 |a регионы 
610 1 |a Западная Сибирь 
610 1 |a территории 
610 1 |a транспортная доступность 
610 1 |a SWOT-анализ 
610 1 |a недостатки 
610 1 |a преимущества 
700 1 |a Кирнос  |b Н. В. 
801 1 |a RU  |b 63413507  |c 20121214 
801 2 |a RU  |b 63413507  |c 20130516  |g RCR 
942 |c BK